000 00379 a2200169 4500
001 187366
020 _a85-08-08372-6
040 _cMagnum
100 _aBrezina, Thomas
240 1 0 _aUma múmia ao volante
_lpor
245 1 0 _aUma múmia ao volante
300 _a88
362 0 _a2003
440 1 _aÁtica
697 _aLITERATURA INFANTO-JUVENIL ESTRANGEIRA
942 _cBK
999 _c187366
_d187366